logo

Bir Sreshtho Munshi Abdur Rouf Library
Jhenaidah Cadet College

Communication / (Record no. 9925)

MARC details
000 -LEADER
fixed length control field 00688nam a22002532a 4500
001 - CONTROL NUMBER
JCCL Control Number 9925
003 - CONTROL NUMBER IDENTIFIER
JCCL marc code BD - JhCC
005 - DATE AND TIME OF LATEST TRANSACTION
control field 20180403175743.0
008 - FIXED-LENGTH DATA ELEMENTS--GENERAL INFORMATION
fixed length control field 180403s1973 enkao j 000 0 eng d
020 ## - INTERNATIONAL STANDARD BOOK NUMBER
International Standard Book Number 0356043428
035 ## - SYSTEM CONTROL NUMBER
system control number OCLC ocm10468976 from D950427M
-- (BD - JhCC)9925
040 ## - CATALOGING SOURCE
Original cataloging agency CLU
Transcribing agency CLU
Modifying agency EQO
-- BD - JhCC
041 ## - LANGUAGE CODE
Language code of Book eng
082 ## - DEWEY DECIMAL CLASSIFICATION NUMBER
Author mark and Year BEA 1973
Classification number 001.5
100 1# - MAIN ENTRY--PERSONAL NAME
Personal name Bear, John,
Dates associated with a name 1938-
245 10 - TITLE STATEMENT
Title Communication /
Statement of responsibility, etc [by] John Bear
260 ## - PUBLICATION, DISTRIBUTION, ETC. (IMPRINT)
Place of publication, distribution, etc London :
Name of publisher, distributor, etc Macdonald & Co,
Date of publication, distribution, etc 1973.
300 ## - PHYSICAL DESCRIPTION
Pagination 48 p. :
Other physical details ill. (chiefly col.) ;
Dimensions 29 cm
500 ## - GENERAL NOTE
General note Includes index
504 ## - BIBLIOGRAPHY, ETC. NOTE
Bibliography, etc Bibliography: p. 46
650 #0 - SUBJECT ADDED ENTRY--TOPICAL TERM
Topical term or geographic name as entry element Communication
942 ## - ADDED ENTRY ELEMENTS (KOHA)
Source of classification or shelving scheme Dewey Decimal Classification
Koha item type Reference
Holdings
Source of classification or shelving scheme Damaged status Not for loan Home library Current library Shelving location Date of accession Total Checkouts Full call number Barcode Date last seen Copy number Koha item type
Dewey Decimal Classification     JCC Rouf Library JCC Rouf Library General Stacks 04/03/2018   001.5 BEA 1973 13419 04/03/2018 C-1 Reference

JCC Library | Contacts | JCC Home

Last Update on 23 September 2017
Copyright @ 2017-2020 JCC Rouf Library
Rouf Library, Jhenidah Cadet College (JCC), Bangladesh